Bundesliga Team Rekordhalter 25/26 - Statistiken

Allgemein
  • Dieses Quiz wurde 27 mal gespielt
  • Das Durchschnittsergebnis liegt bei 16 aus 154
Antwortstatistiken
Antwort % Korrekt
Manuel Neuer
95%
Harry Kane
90%
Michael Olise
85%
Harry Kane
80%
Harry Kane
75%
Emre Can
45%
Serhou Guirassy
45%
Serhou Guirassy
40%
Harry Kane
35%
Manuel Neuer
35%
Konrad Laimer
30%
Konrad Laimer
30%
Serhou Guirassy
30%
Willi Orban
30%
Atakan Karazor
25%
Julian Brandt
25%
Julian Ryerson
25%
Oliver Baumann
25%
Robert Andrich
25%
Christian Günter
20%
Christoph Baumgartner
20%
Marco Friedl
20%
Maximilian Arnold
20%
Robin Koch
20%
Willi Orban
20%
Christoph Baumgartner
15%
Christopher Trimmel
15%
Deniz Undav
15%
Igor Matanovic
15%
Jackson Irvine
15%
Jonathan Burkardt
15%
Karim Adeyemi
15%
Marvin Schwäbe
15%
Nadiem Amiri
15%
Patrik Schick
15%
Schlotterbeck/Ryerson
15%
Silvan Widmer
15%
Willi Orban
15%
Andrej Kramaric
10%
Andrej Kramaric
10%
Atakan Karazor
10%
Bazoumana Toure
10%
Christian Günter
10%
Christoph Baumgartner
10%
Edmond Tapsoba
10%
Fabio Vieira
10%
Fares Chaibi
10%
Haris Tabakovic
10%
Jamie Leweling
10%
Jean-Matteo Bahoya
10%
Jens Stage
10%
Jonathan Burkardt
10%
Matthias Ginter
10%
Oliver Baumann
10%
Patrick Mainka
10%
Said El Mala
10%
Stefan Bell
10%
Tim Kleindienst
10%
Timothy Chandler
10%
Waldemar Anton
10%
Yussuf Poulsen
10%
Aleix Garcia
5%
Aleix Garcia
5%
Amoura/Pejcinovic
5%
Andrej Kramaric
5%
Angelo Stiller
5%
Arthur Theate
5%
Atakan Karazor
5%
Bazoumana Toure
5%
Christoph Baumgartner
5%
Christopher Trimmel
5%
Deniz Undav
5%
Florian Kainz
5%
Igor Matanovic
5%
Jarell Quansah
5%
Jeffrey Gouweleeuw
5%
Johan Manzambi
5%
Joshua Vagnoman
5%
Marco Friedl
5%
Maximilian Arnold
5%
Maximilian Eggestein
5%
Nadiem Amiri
5%
Nathan Tella
5%
Patrik Schick
5%
Patrik Schick
5%
Philipp Mwene
5%
Rieder/Kade/Gregoritsch
5%
Robin Koch
5%
Vincenzo Grifo
5%
Vladimir Coufal
5%
Willi Orban
5%
Wouter Burger
5%
Yan Diomande
5%
Yuito Suzuki
5%
Adam Daghim
0%
Alexis Claude-Maurice
0%
Alexis Claude-Maurice
0%
Andrej Ilic
0%
Andrej Ilic
0%
Arijon Ibrahimovic
0%
Arijon Ibrahimovic
0%
Bakery Jatta
0%
Banks/Schlotterbeck/Giannoulis
0%
Budu Zivzivadze
0%
Christian Eriksen
0%
Christian Eriksen
0%
Christian Eriksen
0%
Christian Joe Conteh
0%
Danel Sinani
0%
Danel Sinani
0%
Danilho Doekhi
0%
Derrick Köhn
0%
Dominik Kohr
0%
El Mala/Ache/Bülter/Kaminski
0%
Eric Martel
0%
Eric Smith
0%
Fabio Baldé
0%
Fabio Vieira
0%
Fabio Vieira
0%
Florian Kainz
0%
Frank Honorat
0%
Haris Tabakovic
0%
Hauke Wahl
0%
Jakub Kaminski
0%
Jeffrey Gouweleeuw
0%
Justin Njinmah
0%
Kaishu Sano
0%
Manolis Saliakas
0%
Marco Friedl
0%
Maximilian Arnold
0%
Michael Gregoritsch
0%
Miro Muheim
0%
Moritz Jenz
0%
Nico Elvedi
0%
Nicolai Remberg
0%
Niklas Dorsch
0%
Nikolas Veratschnig
0%
Nikola Vasilj
0%
Oliver Burke
0%
Oliver Burke
0%
Patrick Mainka
0%
Patrick Mainka
0%
Ricky-Jade Jones
0%
Robin Fellhauer
0%
Rocco Reitz
0%
Rocco Reitz
0%
Rocco Reitz
0%
Romano Schmid
0%
Romano Schmid
0%
Said El Mala
0%
Said El Mala
0%
Schmid/Stage
0%
Stefan Schimmer
0%
Uchenna Ogundu
0%
Keine übereinstimmenden Quizze gefunden
Verteilung der Resultate
Anzahl Personen mit jedem Resultat
Perzentil nach korrekt beantworteten Fragen
Ihre Resultats-Entwicklung
Sie haben dieses Quiz noch nicht gespielt